000 01260nam a2200433 a 4500
001 21475
003 CZ PrNK
005 20260302132730.0
007 ta
008 091015s2009 xr a b 000 j slo
015 _acnb002006613
020 _a9788025212646
_q(váz.)
035 _a(OCoLC)481027603
040 _aBOA001
_bcze
041 1 _aslo
_heng
072 7 _a821-93
_xLiteratura pro děti a mládež (beletrie)
_2Konspekt
080 _a821-93
_2MRF
080 _a821-32
_2MRF
080 _a(0:82-32)
_2MRF
100 1 _aMarsoli, Lisa Ann,
_d1958-
_4aut
245 1 0 _aHore /
_c[prerozprávala Lisa Marsoli ; ilustrovali Caroline Egan ... et al.]
250 _a1. vyd.
260 _aV Prahe :
_bEgmont,
_c2009
300 _a63 s. :
_bbarev. il. ;
_c29 cm
500 _aPřeloženo z angličtiny?
500 _aNázev z obálky
500 _aNad názvem: Disney, Pixar
655 7 _apříběhy
_2czenas
655 7 _apublikace pro děti
_2czenas
655 9 _astories
_2eczenas
655 9 _achildren's literature
_2eczenas
700 1 _aEgan, Caroline
_4ill
710 2 _aWalt Disney Pictures
710 2 _aPixar (firma)
765 0 _tUp!
901 _b9788025212646
_f1. vyd.
_o20091207
910 _aABA001
942 _2ddc
_cKLDE
_n0
999 _c21475
_d21475